Online
Catalog

Antigüedades, arte y tradición en Santiago de los Caballeros / (Record no. 16426)

MARC details
000 -CABECERA
campo de control de longitud fija 01141nam a2200277 a 4500
001 - NÚMERO DE CONTROL
campo de control 000016894
005 - FECHA Y HORA DE LA ÚLTIMA TRANSACCIÓN
campo de control 20251120073732.0
008 - DATOS DE LONGITUD FIJA--INFORMACIÓN GENERAL
campo de control de longitud fija 100312s1977 dr 001 0 spa d
040 ## - FUENTE DE LA CATALOGACIÓN
Centro catalogador/agencia de origen DO-SdBNP
Lengua de catalogación spa
Centro/agencia transcriptor BNPHU
082 ## - NÚMERO DE LA CLASIFICACIÓN DECIMAL DEWEY
Número de clasificación 972.9356
Número de documento/Ítem D675a
100 1# - ENTRADA PRINCIPAL--NOMBRE DE PERSONA
Nombre de persona Donal, Carlos,
Fechas asociadas al nombre 1926-
9 (RLIN) 37376
245 10 - MENCIÓN DE TÍTULO
Título Antigüedades, arte y tradición en Santiago de los Caballeros /
Mención de responsabilidad, etc. Carlos Dobal ; prólogo Vanessa Vega de Bonnelly.
260 ## - PUBLICACIÓN, DISTRIBUCIÓN, ETC.
Lugar de publicación, distribución, etc. Santiago de los Caballeros, República Dominicana :
Nombre del editor, distribuidor, etc. UCMM,
Fecha de publicación, distribución, etc. 1977.
300 ## - DESCRIPCIÓN FÍSICA
Extensión 286 p. ;
Dimensiones 21 cm.
490 1# - MENCIÓN DE SERIE
Mención de serie Estudios
500 ## - NOTA GENERAL
Nota general Incluye índice de nombres.
500 ## - NOTA GENERAL
Nota general Incluye referencias bibliográficas y notas al pie de páginas.
590 ## - NOTA LOCAL (RLIN)
Nota local Inventariado, 2019/MFF
650 #4 - PUNTO DE ACCESO ADICIONAL DE MATERIA--TÉRMINO DE MATERIA
Término de materia o nombre geográfico como elemento de entrada Ciudades y pueblos
Subdivisión geográfica República Dominicana
Subdivisión general Historia
9 (RLIN) 8393
651 #0 - PUNTO DE ACCESO ADICIONAL DE MATERIA--NOMBRE GEOGRÁFICO
Nombre geográfico Santiago de los Caballeros (Republica Dominicana)
9 (RLIN) 8269
651 #0 - PUNTO DE ACCESO ADICIONAL DE MATERIA--NOMBRE GEOGRÁFICO
Nombre geográfico Santiago de los Caballeros (Republica Dominicana)
9 (RLIN) 8269
700 1# - PUNTO DE ACCESO ADICIONAL--NOMBRE DE PERSONA
Nombre de persona Vega de Bonnelly, Vanessa,
Término indicativo de función/relación pról.
9 (RLIN) 37377
710 2# - PUNTO DE ACCESO ADICIONAL--NOMBRE DE ENTIDAD CORPORATIVA
Nombre de entidad corporativa o nombre de jurisdicción como elemento de entrada Pontificia Universidad Católica Madre y Maestra
9 (RLIN) 843
830 #0 - PUNTO DE ACCESO ADICIONAL DE SERIE-TÍTULO UNIFORME
Título uniforme Estudios
9 (RLIN) 3854
910 ## - DATOS DE OPCIÓN DEL USUARIO (OCLC)
Datos de opción del usuario Validado. Control de la calidad EMS
Holdings
Estado de retiro Estado de pérdida No para préstamo Código de colección Localización permanente Ubicación/localización actual Ubicación en estantería Fecha de adquisición Número de inventario Total de préstamos Signatura topográfica completa Código de barras Fecha visto por última vez Precio válido a partir de Tipo de ítem Koha Nota pública Número de copia Restricciones de uso
    Excluido de préstamo Patrimonio Dominicano Patrimonio Dominicano Patrimonio Dominicano Depósito 12.03.2010 LF1   972.9356 D675a 16894-10 25.06.2020 25.06.2020 Libro y Folleto Colección Patrimonio Dominicano Perteneció a la biblioteca personal de Germán Emilio Ornes.    
    Excluido de préstamo Patrimonio Dominicano Patrimonio Dominicano Patrimonio Dominicano Depósito 07.12.2011 LF1   972.9356 D675a 16894-20 25.06.2020 25.06.2020 Libro y Folleto Colección Patrimonio Dominicano   e.2  
      Dominicana de Servicio Patrimonio Dominicano Patrimonio Dominicano Depósito 07.12.2011 LF1   972.9356 D675a 16894-30 25.06.2020 25.06.2020 Libro y Folleto Colección Dominicana de Servicio   e.3  
      Dominicana de Servicio Patrimonio Dominicano Patrimonio Dominicano Depósito 10.05.2013 LF1   972.9356 D675a 16894-40 25.06.2020 25.06.2020 Libro y Folleto Colección Dominicana de Servicio   e.4  
      Dominicana de Servicio Patrimonio Dominicano Patrimonio Dominicano Depósito 21.06.2013 LF1   972.9356 D675a 16894-50 25.06.2020 25.06.2020 Libro y Folleto Colección Dominicana de Servicio   e.5  

Powered by Koha